00505pab a2200157 454500008004000000100002200040245011800062260000900180300001200189362001100201650004000212650003800252650002100290700001600311773002000327180718b2013 xxu||||| |||| 00| 0 eng d aSrivastava, Gouri aEducational scenario of girls and women in the North East: Issues, challenges, practices and areas of convergence c2013 ap.7-29. a25 Mar aWomens education - India, Northeast aGirls education - India,Northeast aWomens education aYadav, Mona aUniversity News